000
00250nam a22001217a 4500
008
180222b xxu||||| |||| 00| 0 eng d
041
_a
eng
080
_a
94
100
_a
16
101
_a
HIS
245
_a
Koln cologne
_c
Spiegel,R
942
_2
udc
_c
BK
999
_c
43151
_d
43151